| 000 | 00353nam a2200145Ia 4500 | ||
|---|---|---|---|
| 008 | 230917s9999||||xx |||||||||||||| ||und|| | ||
| 040 |
_e106961 _aMAIN |
||
| 041 | _aEnglish | ||
| 082 | _a355.00954 M599M | ||
| 100 | _aRaj Kumar | ||
| 245 | 0 | _aMilitary system of the Mughals | |
| 260 |
_aDelhi _bCommon Wealth _c2004 |
||
| 300 | _a272 p. | ||
| 942 | _cBK | ||
| 999 |
_c121278 _d121278 |
||